Ázijsko-tichomorskej oblasti mier a bezpečnosť

Bibliographic Details
Main Author: Schee, Zdeněk (Author)
Format: Article
Language:Slovak
Subjects:

MARC

LEADER 00000nab a2200000 a 4500
001 vtls000294840
003 SK-MaSNL
005 20260304053055.0
008 111201c1987 xo 0 slo
015 |a SNBRB19rr/mm-uuuuu 
035 |a CL0304959 
040 |a SNKBUCL  |b slo  |c SNKBUCL  |e AACR2 
041 0 |a slo 
044 |a xo  |c SK 
080 |a 327.37  |2 1981 
100 1 |a Schee, Zdeněk  |4 aut  |9 926742 
245 1 0 |a Ázijsko-tichomorskej oblasti mier a bezpečnosť  |c Zdeněk Schee 
650 0 7 |a mier  |2 snkbucl  |9 1720 
650 0 7 |a boj za mier  |2 snkbucl  |9 308624 
650 0 7 |a odzbrojenie  |2 snkbucl  |9 1721 
651 7 |a Mongolsko  |2 snkbucl  |9 21368 
655 7 |a články z novín a časopisov  |2 snkbucl  |9 267496 
655 7 |a mongoliká  |2 snkbucl  |9 1336938 
773 0 |t Život strany  |g Č. 22 (1987), s. 54-55 
850 |a Slovenská národná knižnica v Martine  |a MTA001 
852 |a SNK  |b KIS3GCP 
958 |a RK 
958 |a MN 
992 |a RBX 
999 |c 2711521  |d 2713451